O nekotoryh voprosah složnopodčinennogo predloženiâ v tûrkskih âzykah

Elmentve itt :
Bibliográfiai részletek
Szerző: Sevortân Èrvand Vladimirovič
Dokumentumtípus: Cikk
Megjelent: 1961
Sorozat:Issledovaniâ po sravnitel'noj grammatike tûrkskih âzykov
Kulcsszavak:Török nyelv - mondattan
Tárgyszavak:
Online Access:http://misc.bibl.u-szeged.hu/64747
LEADER 00861nab a2200229 i 4500
001 misc64747
005 20231019145742.0
008 230704s1961 hu o 0|| rus d
040 |a SZTE Miscellanea Repozitórium  |b hun 
041 |a rus 
100 1 |a Sevortân Èrvand Vladimirovič 
245 1 0 |a O nekotoryh voprosah složnopodčinennogo predloženiâ v tûrkskih âzykah  |h [elektronikus dokumentum] /  |c  Sevortân Èrvand Vladimirovič 
260 |c 1961 
300 |a 122-134  |c 27 cm 
300 |a [13] p.  |c 27 cm 
490 0 |a Issledovaniâ po sravnitel'noj grammatike tûrkskih âzykov 
561 |a Németh Gyula hagyaték 
591 |a NOA 5558; LOA 3803 
650 4 |a Bölcsészettudományok 
650 4 |a Nyelvek és irodalom 
695 |a Török nyelv - mondattan 
856 4 0 |u http://misc.bibl.u-szeged.hu/64747/1/5558_noa.pdf  |z Dokumentum-elérés